THE TALE OF FOUR HERMITS (Record no. 468018)

MARC details
000 -LEADER
fixed length control field 00379nam a2200145Ia 4500
008 - FIXED-LENGTH DATA ELEMENTS--GENERAL INFORMATION
fixed length control field 100204s9999 xx 000 0 und d
082 ## - DEWEY DECIMAL CLASSIFICATION NUMBER
Item number 22388
100 ## - MAIN ENTRY--PERSONAL NAME
Personal name ABRAR MOTISIN
245 ## - TITLE STATEMENT
Title THE TALE OF FOUR HERMITS
260 ## - PUBLICATION, DISTRIBUTION, ETC. (IMPRINT)
Name of publisher, distributor, etc "PPRASHANT PUBLICATION, DELHI"
Date of publication, distribution, etc 1996
300 ## - PHYSICAL DESCRIPTION
Extent 124
630 ## - SUBJECT ADDED ENTRY--UNIFORM TITLE
Uniform title THE TALE OF FOUR HERMITS
730 ## - ADDED ENTRY--UNIFORM TITLE
Uniform title THE TALE OF FOUR HERMITS
942 ## - ADDED ENTRY ELEMENTS (KOHA)
Koha item type Book
Holdings
Withdrawn status Lost status Damaged status Not for loan Home library Current library Date acquired Cost, normal purchase price Total Checkouts Full call number Barcode Date last seen Cost, replacement price Price effective from Koha item type
        N. C. Kelkar Sarvajanik Library, Mulund N. C. Kelkar Sarvajanik Library, Mulund 02/04/2010 75.00   22388 NCKMULUND-22388 02/04/2010 75.00 02/04/2010 Book